[Event "Pereira Fiestas de la Cosecha op"]
[Site "Pereira"]
[Date "2023.08.27"]
[Round "7"]
[White "Valdes Martinez, Miguel A"]
[Black "Pena Romero, Edwin Oswaldo"]
[Result "1/2-1/2"]
[WhiteElo "2100"]
[BlackElo "1745"]
[PlyCount "61"]
[EventDate "2023.08.24"]
[EventType "swiss"]
[EventRounds "7"]
[EventCountry "COL"]
[SourceTitle "EXT 2024"]
[Source "ChessBase"]
[SourceDate "2023.10.10"]
[SourceVersion "1"]
[SourceVersionDate "2023.10.10"]
[SourceQuality "1"]

1. e4 c5 2. Nf3 Nc6 3. Bb5 e6 4. 0-0 Nge7 5. Re1 a6 6. Bxc6 Nxc6 7. Nc3 b5 8. d4 cxd4 9. Nxd4 Bb7 10. a3 Qc7 11. Nd5 Qb8 12. Nb6 Ra7 13. Nxb5 d6 14. Nxa7 Nxa7 15. Bf4 Qc7 16. Na4 Be7 17. Qd3 0-0 18. Rad1 Qc6 19. Nc3 f5 20. Qg3 Rf6 21. exf5 Rxf5 22. Rxe6 Bh4 23. Qg4 Rxf4 24. Re8+ Qxe8 25. Qxf4 Qc6 26. Nd5 Qxc2 27. Re1 Bxf2+ 28. Qxf2 Qxf2+ 29. Kxf2 Bxd5 30. Rd1 Bc6 31. Rxd6 1/2-1/2

[Event "Fomeque op"]
[Site "Fomeque"]
[Date "2023.08.21"]
[Round "5"]
[White "Castillo Pinzon, Ricardo Andres"]
[Black "Pena Romero, Edwin Oswaldo"]
[Result "1-0"]
[WhiteElo "1985"]
[BlackElo "1745"]
[PlyCount "47"]
[EventDate "2023.08.19"]
[EventType "swiss"]
[EventRounds "6"]
[EventCountry "COL"]
[SourceTitle "EXT 2024"]
[Source "ChessBase"]
[SourceDate "2023.10.10"]
[SourceVersion "1"]
[SourceVersionDate "2023.10.10"]
[SourceQuality "1"]

1. e4 c5 2. g3 Nc6 3. Bg2 Nf6 4. Nc3 e6 5. Nge2 Be7 6. f4 d6 7. d3 a6 8. 0-0 0-0 9. h3 d5 10. Kh1 d4 11. Nb1 e5 12. f5 Ne8 13. Nd2 b5 14. a4 Bd7 15. c4 Nb4 16. Nf3 f6 17. axb5 axb5 18. Rxa8 Qxa8 19. cxb5 Bxb5 20. Qb3+ Kh8 21. Nh4 Nd6 22. Nf4 exf4 23. Rxf4 Qa2 24. Ng6+ 1-0

[Event "Medellin Flores op 30th"]
[Site "Medellin"]
[Date "2023.08.04"]
[Round "3"]
[White "Munoz Triana, Joseph Steve"]
[Black "Pena Romero, Edwin Oswaldo"]
[Result "1-0"]
[WhiteElo "1987"]
[BlackElo "1745"]
[PlyCount "53"]
[EventDate "2023.08.03"]
[EventType "swiss"]
[EventRounds "9"]
[EventCountry "COL"]
[SourceTitle "EXT 2024"]
[Source "ChessBase"]
[SourceDate "2023.10.10"]
[SourceVersion "1"]
[SourceVersionDate "2023.10.10"]
[SourceQuality "1"]

1. e4 c5 2. Nc3 Nc6 3. g3 Nf6 4. Bg2 d6 5. Nge2 e5 6. 0-0 Be7 7. d3 0-0 8. h3 Nd4 9. f4 Bd7 10. g4 Nxe2+ 11. Qxe2 Bc6 12. a4 exf4 13. Bxf4 Re8 14. Qf2 d5 15. e5 Nd7 16. Bg3 Bg5 17. Qxf7+ Kh8 18. Bxd5 Nxe5 19. Bxe5 Rxe5 20. Bxc6 bxc6 21. Ne4 Be3+ 22. Kg2 c4 23. Qxc4 h5 24. Rf3 Bh6 25. Raf1 Qd7 26. Rf8+ Rxf8 27. Rxf8+ 1-0

[Event "Bogota El Tablazo op-B"]
[Site "Bogota"]
[Date "2022.06.25"]
[Round "2.4"]
[White "Pena Romero, Edwin Oswaldo"]
[Black "Arandia la Rosa, Eduardo Jose"]
[Result "0-1"]
[WhiteElo "1733"]
[BlackElo "1960"]
[PlyCount "105"]
[EventDate "2022.06.24"]
[EventType "swiss"]
[EventRounds "7"]
[EventCountry "COL"]
[SourceTitle "EXT 2024"]
[Source "ChessBase"]
[SourceDate "2023.10.10"]
[SourceVersion "1"]
[SourceVersionDate "2023.10.10"]
[SourceQuality "1"]

1. e4 c5 2. Nf3 d6 3. d4 cxd4 4. Nxd4 Nf6 5. Nc3 a6 6. Bc4 e6 7. 0-0 Nc6 8. Bb3 Be7 9. f4 0-0 10. Be3 Na5 11. f5 Nxb3 12. axb3 Bd7 13. g4 Ne8 14. Qf3 Nc7 15. Qg3 e5 16. Nf3 h6 17. h4 f6 18. g5 fxg5 19. hxg5 hxg5 20. Bxg5 Bxg5 21. Nxg5 Rf6 22. Rf2 Rh6 23. Raf1 Qf6 24. Rg2 Rf8 25. Rff2 Qe7 26. Rh2 Rff6 27. Rxh6 Rxh6 28. Rh2 Rxh2 29. Kxh2 Qf6 30. Qh4 Qh6 31. Nf3 Qxh4+ 32. Nxh4 Bc6 33. Nf3 Kf7 34. Kg3 Ne8 35. Ng5+ Ke7 36. Nd5+ Bxd5 37. exd5 Nf6 38. Kf3 Nxd5 39. c4 Nb4 40. Ke4 a5 41. c5 dxc5 42. Kxe5 c4 43. Ne6 Nd3+ 44. Kd4 Nxb2 45. Kc3 Nd1+ 46. Kxc4 Ne3+ 47. Kb5 Nxf5 48. Ng5 Kf6 49. Ne4+ Ke5 50. Ng5 Nd4+ 51. Kxa5 Nxb3+ 52. Kb6 Nd4 53. Kxb7 0-1

[Event "COL-ch Visually impaired"]
[Site "Cartagena"]
[Date "2019.12.07"]
[Round "4.8"]
[White "Pena Romero, Edwin Oswaldo"]
[Black "Care Garcia, Jose Joaquin"]
[Result "1-0"]
[WhiteElo "1524"]
[BlackElo "1617"]
[PlyCount "53"]
[EventDate "2019.12.06"]
[EventType "swiss (rapid)"]
[EventRounds "6"]
[EventCountry "COL"]
[SourceTitle "EXT 2024"]
[Source "ChessBase"]
[SourceDate "2023.10.10"]
[SourceVersion "1"]
[SourceVersionDate "2023.10.10"]
[SourceQuality "1"]

1. d4 Nf6 2. e3 g6 3. f4 Bg7 4. Nf3 d6 5. c4 0-0 6. Nc3 c5 7. d5 Bf5 8. h3 Ne4 9. Nxe4 Bxe4 10. Bd3 Bxd3 11. Qxd3 Nd7 12. 0-0 f5 13. Ng5 Rf6 14. e4 fxe4 15. Nxe4 Rf5 16. g4 Bd4+ 17. Kg2 Rf8 18. Ng5 Bg7 19. Ne6 Qb6 20. Nxf8 Rxf8 21. Qe2 Nf6 22. f5 gxf5 23. Rxf5 Qd8 24. Bd2 Nd7 25. Rxf8+ Qxf8 26. Qe6+ Kh8 27. Qxd7 1-0

[Event "COL-ch Visually impaired"]
[Site "Cartagena"]
[Date "2019.12.03"]
[Round "2.6"]
[White "Pena Romero, Edwin Oswaldo"]
[Black "Sanchez, Carlos Andres"]
[Result "1-0"]
[WhiteElo "1576"]
[BlackElo "1719"]
[PlyCount "75"]
[EventDate "2019.12.03"]
[EventType "swiss"]
[EventRounds "6"]
[EventCountry "COL"]
[SourceTitle "EXT 2024"]
[Source "ChessBase"]
[SourceDate "2023.10.10"]
[SourceVersion "1"]
[SourceVersionDate "2023.10.10"]
[SourceQuality "1"]

1. d4 Nf6 2. e3 e6 3. Bd3 c5 4. f4 cxd4 5. exd4 Qc7 6. Nf3 Bd6 7. Ne5 b6 8. 0-0 Bb7 9. Nd2 Be7 10. Qe2 a6 11. f5 0-0 12. fxe6 dxe6 13. c3 Nbd7 14. Nxd7 Qxd7 15. Nc4 Qd8 16. Bf4 b5 17. Ne3 Bd6 18. Ng4 Bxf4 19. Rxf4 Nxg4 20. Qxg4 Bd5 21. Bxh7+ Kxh7 22. Qh5+ Kg8 23. Rh4 f5 24. g4 Qe8 25. Qh7+ Kf7 26. gxf5 Rg8 27. Re1 Ke7 28. fxe6 Qf8 29. Rf1 Bf3 30. Qd3 Qf6 31. Rh3 Rh8 32. Rhxf3 Qh4 33. Rf7+ Ke8 34. Qg3 Qxg3+ 35. hxg3 g5 36. d5 Rd8 37. e7 Rd7 38. Rf8+ 1-0

[Event "Medellin op 2nd"]
[Site "Medellin"]
[Date "2019.05.10"]
[Round "5.3"]
[White "Quintero, Raul"]
[Black "Pena Romero, Edwin Oswaldo"]
[Result "1-0"]
[WhiteElo "1982"]
[BlackElo "1517"]
[PlyCount "75"]
[EventDate "2019.05.08"]
[EventType "swiss"]
[EventRounds "6"]
[EventCountry "COL"]
[SourceTitle "EXT 2024"]
[Source "ChessBase"]
[SourceDate "2023.10.10"]
[SourceVersion "1"]
[SourceVersionDate "2023.10.10"]
[SourceQuality "1"]

1. Nf3 Nf6 2. b3 d5 3. Bb2 e6 4. e3 Bd6 5. Be2 c5 6. d3 Nc6 7. Nbd2 0-0 8. c4 Re8 9. a3 Bc7 10. Qc2 d4 11. exd4 cxd4 12. 0-0-0 a6 13. h3 b5 14. g4 e5 15. Rdg1 Bd6 16. Kb1 Qa5 17. Qc1 Nd7 18. Ne4 Bf8 19. Nfd2 Rb8 20. h4 Qb6 21. Bd1 Na5 22. c5 Qc7 23. b4 Nc6 24. Nb3 Bb7 25. h5 a5 26. Qd2 axb4 27. axb4 Ra8 28. Na1 Ne7 29. g5 Bxe4 30. dxe4 Qa7 31. Bb3 Qb7 32. f3 Nb8 33. g6 Kh8 34. gxf7 Rd8 35. Qg5 Nbc6 36. Nc2 Ra6 37. h6 g6 38. Qf6+ 1-0